000 00447nam a22001697a 4500
999 _c5289
_d5289
003 GBCCL
005 20241126110537.0
008 180313b ||||| |||| 00| 0 eng d
040 _cgbc
082 _a252
_bRED
100 _aRedhead, John A.
_99541
245 _aGetting to Know God:
_bAnd other Sermons /
_cJohn A. Redhead
260 _aNew York:
_bAbingdon Press,
_c1954
300 _a126 p.;
_c18 cm.
650 _aSermons
_96067
942 _2ddc
_cBK